Metz Ville Jardin (Record no. 2168)

000 -LEADER
fixed length control field 00517nam a22002057a 4500
003 - CONTROL NUMBER IDENTIFIER
control field OSt
005 - DATE AND TIME OF LATEST TRANSACTION
control field 20210414085152.0
008 - FIXED-LENGTH DATA ELEMENTS--GENERAL INFORMATION
fixed length control field 210311s1997 ||||| |||| 00| 0 eng d
020 ## - INTERNATIONAL STANDARD BOOK NUMBER
International Standard Book Number 2876923483
040 ## - CATALOGING SOURCE
Original cataloging agency eng
Language of cataloging eng
Transcribing agency DLC
041 ## - LANGUAGE CODE
Language code of text/sound track or separate title fre
080 ## - UNIVERSAL DECIMAL CLASSIFICATION NUMBER
Universal Decimal Classification number 77
Item number C-22
100 ## - MAIN ENTRY--PERSONAL NAME
9 (RLIN) 1393
Personal name Carles, Fabrice
245 ## - TITLE STATEMENT
Title Metz Ville Jardin
Statement of responsibility, etc. / by: Serpenoise
260 ## - PUBLICATION, DISTRIBUTION, ETC.
Place of publication, distribution, etc. France
Name of publisher, distributor, etc. Serpenoise
Date of publication, distribution, etc. 1997
300 ## - PHYSICAL DESCRIPTION
Extent 122 p.
Other physical details ill.
650 #0 - SUBJECT ADDED ENTRY--TOPICAL TERM
9 (RLIN) 847
Topical term or geographic name entry element Photography
653 ## - INDEX TERM--UNCONTROLLED
Uncontrolled term ფოტოგრაფია
942 ## - ADDED ENTRY ELEMENTS (KOHA)
Source of classification or shelving scheme
Koha item type Books
Holdings
Withdrawn status Lost status Source of classification or shelving scheme Damaged status Not for loan Permanent location Current location Date acquired Inventory number Total Checkouts Full call number Barcode Date last seen Price effective from Koha item type
          Ken Walker International University Ken Walker International University 03/11/2021 1486   77 C-22 1486 03/11/2021 03/11/2021 Books

Powered by Koha